000 00458nam a2200169Ia 4500
003 GCL
008 140319s9999 xx 000 0 ara d
040 _aGCL /
_cGCL
082 0 4 _a813.083
_bم ض
100 1 _aمظهر الملوحى
245 1 0 _aضائعة فى المدينة /
_cمظهر الملوحى
260 _a[S.N] :
_bدار الجيل ،
_c1991
300 _a424 ص
490 _a
650 0 4 _aالقصص العربية
942 _2ddc
_cBK
999 _c55794
_d55794